[Event "Muensterland Verbandsliga 1314"]
[Site "Germany"]
[Date "2013.10.05"]
[Round "2.8"]
[White "Messelink, Gerrit"]
[Black "Pliete, Christian"]
[Result "1-0"]
[WhiteElo "1635"]
[BlackElo "1789"]
[PlyCount "69"]
[EventDate "2013.09.07"]
[EventType "team-tourn"]
[EventRounds "9"]
[EventCountry "GER"]
[SourceTitle "EXT 2015"]
[Source "ChessBase"]
[SourceDate "2014.11.20"]
[SourceVersion "1"]
[SourceVersionDate "2014.11.20"]
[SourceQuality "1"]
[WhiteTeam "Ahaus Wessum"]
[BlackTeam "Raesfeld Erle"]
[WhiteTeamCountry "GER"]
[BlackTeamCountry "GER"]

1. Nf3 Nf6 2. b3 d6 3. c4 c5 4. Bb2 g6 5. e3 Bg7 6. Nc3 0-0 7. Be2 Nc6 8. 0-0 Bf5 9. d3 Qa5 10. Qd2 Ng4 11. Rfd1 Qd8 12. Nd5 Bxb2 13. Qxb2 b6 14. e4 Bd7 15. d4 e6 16. Nc3 Nf6 17. e5 dxe5 18. dxe5 Nh5 19. Ne4 f5 20. exf6 Nxf6 21. Nxf6+ Rxf6 22. Rxd7 Qxd7 23. Qxf6 Rd8 24. Ne5 Qd4 25. Qxe6+ Kg7 26. Qf7+ Kh8 27. Qf6+ Kg8 28. Ng4 Qd2 29. Bf3 Rd6 30. Bd5+ Rxd5 31. cxd5 Nd4 32. d6 h5 33. Qxg6+ Kf8 34. Qf6+ Kg8 35. Ne5 1-0

[Event "Muensterland Verbandsklasse-B 1011"]
[Site "Germany"]
[Date "2010.11.13"]
[Round "3.7"]
[White "Hund, Reinhard"]
[Black "Pliete, Christian"]
[Result "0-1"]
[WhiteElo "1719"]
[BlackElo "1787"]
[PlyCount "74"]
[EventDate "2010.09.18"]
[EventType "team-tourn"]
[EventRounds "9"]
[EventCountry "GER"]
[SourceTitle "EXT 2012"]
[Source "ChessBase"]
[SourceDate "2011.11.24"]
[SourceVersion "1"]
[SourceVersionDate "2011.11.24"]
[SourceQuality "1"]
[WhiteTeam "Muenster SK IV"]
[BlackTeam "Raesfeld Erle"]
[WhiteTeamCountry "GER"]
[BlackTeamCountry "GER"]

1. d4 Nf6 2. Nf3 c5 3. e3 cxd4 4. exd4 g6 5. Be2 Bg7 6. 0-0 0-0 7. c3 d6 8. Bf4 Bf5 9. h3 Nbd7 10. g4 Be6 11. Ng5 Bd5 12. c4 h6 13. cxd5 hxg5 14. Bxg5 Nxd5 15. Bc4 N7b6 16. Bb3 Qd7 17. Qd2 Rac8 18. Na3 Rc7 19. Bh6 Nf6 20. Bxg7 Kxg7 21. f3 Nfd5 22. Rae1 e6 23. Rc1 Rxc1 24. Rxc1 Rh8 25. Kg2 Qe7 26. Nc4 Qf6 27. Rh1 Nf4+ 28. Kg3 g5 29. Nxb6 Qh6 30. Kf2 Qh4+ 31. Ke3 axb6 32. Qc3 Nxh3 33. d5+ e5 34. Qe1 Qxe1+ 35. Rxe1 Nf4 36. Rc1 Rh2 37. Rc7 Re2# 0-1

[Event "Muensterland Verbandsklasse-A 0809"]
[Site "Germany"]
[Date "2009.02.07"]
[Round "6.6"]
[White "Pliete, Christian"]
[Black "Virnyi, Julius"]
[Result "1/2-1/2"]
[WhiteElo "1787"]
[BlackElo "1754"]
[PlyCount "63"]
[EventDate "2008.09.13"]
[EventType "team-tourn"]
[EventRounds "9"]
[EventCountry "GER"]
[SourceTitle "EXT 2010"]
[Source "ChessBase"]
[SourceDate "2010.11.25"]
[SourceVersion "1"]
[SourceVersionDate "2010.11.25"]
[SourceQuality "1"]
[WhiteTeam "Raesfeld Erle"]
[BlackTeam "Muenster SK III"]
[WhiteTeamCountry "GER"]
[BlackTeamCountry "GER"]

1. e4 c5 2. Nf3 d6 3. Bc4 Nc6 4. d4 cxd4 5. Nxd4 e6 6. 0-0 Nf6 7. Re1 Be7 8. c3 0-0 9. Bb3 a6 10. Bg5 Qc7 11. Bc2 Bd7 12. Qd3 e5 13. Ne2 Rac8 14. a3 Rfd8 15. Nd2 Be6 16. Bxf6 Bxf6 17. Ng3 g6 18. Qf3 Bg7 19. Rac1 Bh6 20. Red1 Qd7 21. h3 Na5 22. Nf5 Bxd2 23. Rxd2 gxf5 24. exf5 Bb3 25. Qg3+ Kh8 26. Qh4 Bxc2 27. Qf6+ Kg8 28. Rcxc2 Qa4 29. c4 Nxc4 30. Qh6 Kh8 31. Qf6+ Kg8 32. Qh6 1/2-1/2

[Event "NRW U18 op"]
[Site "Olpe"]
[Date "2005.10.02"]
[Round "3.28"]
[White "Pliete, Christian"]
[Black "Bruedigam, Jannis"]
[Result "0-1"]
[WhiteElo "1603"]
[BlackElo "1335"]
[PlyCount "58"]
[EventDate "2005.10.01"]
[EventType "swiss"]
[EventRounds "7"]
[EventCountry "GER"]
[SourceTitle "CBM 108 Extra"]
[Source "ChessBase"]
[SourceDate "2005.11.04"]
[SourceVersion "1"]
[SourceVersionDate "2005.11.04"]
[SourceQuality "1"]

1. e4 d5 2. exd5 Nf6 3. Nf3 Bg4 4. Bc4 e5 5. dxe6 fxe6 6. h3 Bf5 7. d4 Bd6 8. Bg5 Nc6 9. Nbd2 h6 10. Bh4 g5 11. Nxg5 hxg5 12. Bxg5 Nxd4 13. Rc1 Qe7 14. c3 Nc6 15. Qf3 0-0-0 16. g4 Ne5 17. Qg2 Bd3 18. Bb3 Rhg8 19. f4 Nf7 20. Bh4 Bxf4 21. Bc2 Bxd2+ 22. Qxd2 Be4 23. Qf4 Bxh1 24. Bxf6 Qc5 25. Bxd8 Rxd8 26. Qxf7 Qe3+ 27. Kf1 Qxc1+ 28. Kf2 Rd2+ 29. Ke3 Rd7+ 0-1

[Event "NRW-ch U14"]
[Site "Kranenburg"]
[Date "2005.03.29"]
[Round "3"]
[White "Krassowizkij, Jaroslaw"]
[Black "Pliete, Christian"]
[Result "1-0"]
[WhiteElo "1639"]
[BlackElo "1391"]
[PlyCount "69"]
[EventDate "2005.03.28"]
[EventType "swiss"]
[EventRounds "7"]
[EventCountry "GER"]
[SourceTitle "CBM 105 Extra"]
[Source "ChessBase"]
[SourceDate "2005.05.01"]
[SourceVersion "1"]
[SourceVersionDate "2005.05.01"]
[SourceQuality "1"]

1. e4 e5 2. f4 d6 3. Nf3 Nc6 4. Bb5 Nge7 5. 0-0 Bg4 6. h3 Bxf3 7. Qxf3 Ng6 8. f5 Nge7 9. f6 gxf6 10. Qxf6 Rg8 11. Qxf7+ Kd7 12. d4 Rg7 13. Qxf8 Qxf8 14. Rxf8 Rxf8 15. Bh6 Rxg2+ 16. Kxg2 Rg8+ 17. Kh2 Kc8 18. Nd2 Nxd4 19. Bd3 d5 20. Rg1 Re8 21. Rf1 Ng6 22. exd5 Rg8 23. Nf3 Nxf3+ 24. Rxf3 Kd7 25. Rf7+ Kd6 26. c4 Nh4 27. Bf8+ Rxf8 28. Rxf8 Kc5 29. Kg3 Ng6 30. Bxg6 hxg6 31. b3 Kd4 32. Rg8 e4 33. Rxg6 Kd3 34. Re6 e3 35. Kf3 1-0